000 00478nam a2200169Ia 4500
008 090711s9999 xx 000 0 und d
082 _b1586
100 _aसोनग्रा रतनलाल
245 _aसोनजातक
260 _c1998
300 _a109
600 _aसोनग्रा रतनलाल
630 _aसोनजातक
700 _aसोनग्रा रतनलाल
730 _aसोनजातक
942 _cBOOK
999 _c334466
_d334466